Les épisodes de "Mes chers non abonnements" - Anthox Colaboy - YouTube - Statistiques

Statistiques générales
  • Ce quiz a été pris 29 fois
    13 depuis la dernière actualisation
  • Le résultat moyen est 3 sur 20
Statistiques - réponses
Episode Youtuber critiqué % Correct
#6 Tibo InShape
50%
#1 Un Panda Moqueur
42%
#15 Anthox Colaboy
25%
#20 JeremStar
25%
#10 DavidLafargePokemon
17%
#9 Kirby54
17%
#2 PacificSound3003
17%
#14 Raphael Zacharie de IZARRA
17%
#12 Studio Bubble Tea
17%
#18 TheKairi78
17%
#17 william coach en seduction humoristique
17%
#16 Amoureux Mais Bêtes Officiel
8%
#7 Chris fait le Show VS Math Podcast
8%
#4 HugoPOSAY
8%
#19 Ines Baby Reborn
8%
#11 Les Délires De Max
8%
#3 Sylvain Durif
8%
#5 La Ninattitude
0%
#13 Titou01
0%
#8 TsukiyoPower
0%
Aucun quiz correspondant
Distribution des résultats
% des personnes avec chaque résultat
Percentile par nombre de réponses
Votre historique - résultats
Vous n’avez pas pris ce quiz depuis la dernière actualisation